German Literature II - Statistics

General Stats
  • This quiz has been taken 39 times
  • The average score is 8 of 16
Answer Stats
Hint Answer % Correct
The Threepenny Opera Berthold Brecht
97%
The Man Without Qualities Robert Musil
88%
Emil and the Detectives Erich Kästner
72%
Danton's Death Georg Büchner
72%
The Nutcracker and the Mouse King E. T. A. Hoffmann
66%
Der Untertan Heinrich Mann
53%
Michael Kohlhaas Heinrich von Kleist
53%
The Seventh Cross Anna Seghers
50%
Simplicius Simplicissimus Hans Jakob Christoffel von Grimmelshausen
50%
The Rider on the White Horse Theodor Storm
38%
The Piano Teacher Elfriede Jelinek
34%
Measuring the World Daniel Kehlmann
28%
The Swarm Frank Schätzing
28%
Job Joseph Roth
16%
Runaway Horse Martin Walser
16%
Jacob the Liar Jurek Becker
13%
No matching quizzes found
Score Distribution
Percent of People with Each Score
Percentile by Number Answered
Your Score History
You have not taken this quiz